10 najważniejszych stanów swingowych w USA w wyborach 2024 - Statystyki

Ogólne statystyki
  • Ten quiz został rozwiązany 6 razy
  • Średni wynik to 6 z 10
Statystyki odpowiedzi
Różnica EV Stan % Poprawnych
5.5% R 11 Arizona
67%
2.2% R 16 Georgia
67%
3.4% R 16 Karolina Północna
67%
3.1% R 6 Nevada
67%
2.1% R 19 Pensylwania
67%
0.8% R 10 Wisconsin
67%
4.2% D 10 Minnesota
50%
1.4% R 15 Michigan
33%
2.8% D 4 New Hampshire
33%
5.7% D 13 Wirginia
33%
Nie znaleziono quizów pasujących do podanych kryteriów
Rozkład punktacji
Procent ludzi z każdym wynikiem
Percentyl według liczby udzielonych odpowiedzi
Twoja historia wyników
Nie rozwiązałeś tego quizu